Štátny rozpočet na rok 1995

K vládnemu návrhu zákona o štátnom rozpočte SR na r.1995. Komentované údaje k príjmovej a výdavkovej časti, makroekonomické východiská.

Guardado en:
Detalles Bibliográficos
Autor principal: Kovalčík, J.
Formato: Capítulo de libro
Lenguaje:eslovaco
Materias:
Etiquetas: Agregar Etiqueta
Sin Etiquetas, Sea el primero en etiquetar este registro!

MARC

LEADER 00000naa a2200000 4500
001 r017057
005 20221205103129.0
041 0 |a slo 
044 |a SK 
245 1 0 |a Štátny rozpočet na rok 1995  |c J. Kovalčík 
520 |a K vládnemu návrhu zákona o štátnom rozpočte SR na r.1995. Komentované údaje k príjmovej a výdavkovej časti, makroekonomické východiská. 
610 2 0 |a rozpočet štátny 
610 2 0 |a Slovensko 
610 2 0 |a 1995 
610 2 0 |a príjmy rozpočtu štátneho 
610 2 0 |a výdavky rozpočtu štátneho 
610 2 0 |a dane 
610 2 0 |a vývoz 
610 2 0 |a investície 
610 2 0 |a dlhy štátne 
610 2 0 |a investície verejné 
610 2 0 |a produkt domáci hrubý 
610 2 0 |a miera inflácie 
610 2 0 |a miera nezamestnanosti 
100 1 |a Kovalčík, J.